Κατάλογος Βιβλιοθηκών Mediterranean College

Three Topics in the Theory of International Trade / Distribution, Welfare and Uncertainty (Record no. 4169)

MARC details
000 -LEADER
fixed length control field 01511cam a22001934a 4500
005 - ΗΜΕΡΟΜΗΝΙΑ ΚΑΙ ΩΡΑ ΤΕΛΕΥΤΑΙΑΣ ΕΝΗΜΕΡΩΣΗΣ
Πεδίο ελέγχου 20250605164138.0
008 - FIXED-LENGTH DATA ELEMENTS--GENERAL INFORMATION
Πεδίο ελέγχου σταθερού μήκους 250528s ||||||||||||||||||||||||d
035 ## - SYSTEM CONTROL NUMBER
System control number 18860
020 ## - ISBN
ISBN 444109676
040 ## - ΠΗΓΗ ΚΑΤΑΛΟΓΟΓΡΑΦΗΣΗΣ
Φορέας πρωτότυπης καταλογογράφησης MC Athens Campus Library
Γλώσσα καταλογογράφησης Ελληνικά, Μοντέρνα (1453-)
Modifying agency MC Athens Campus Library
Κανόνες περιγραφικής καταλογογράφησης AACR2
245 1# - ΤΙΤΛΟΣ ΚΑΙ ΔΗΛΩΣΗ ΥΠΕΥΘΥΝΟΤΗΤΑΣ
Τίτλος Three Topics in the Theory of International Trade / Distribution, Welfare and Uncertainty
260 ## - PUBLICATION, DISTRIBUTION, ETC.
Name of publisher, distributor, etc. North Holland Publishing Company,
Date of publication, distribution, etc. 1976
300 ## - PHYSICAL DESCRIPTION
Extent 328
520 ## - SUMMARY, ETC.
Summary, etc. Preface, International Trade and the Distribution of Income, On the Ralation Between Commodity Prices and Factor Rewards, Generalizations of the Stolper-Samuelson and Samuelson-Rybczynski Theorems in Terms of Conditional Input-Output Coefficients, Relativity Simple Generalizations of the Stolper-Samuelson and Samuelson-Rybczynski Theorems, A Convexity Property of the two-by-two Model of Production, The Gains from International Trade and Investment, Variable Returns to Scale and Commodity Taxes and Factor Market Distortions and Their Implications for Trade Gains, Notes on the Theory of Optimal Tariffs, The Ranking of Tariffs Under Monopoly Power in Trade, Foreign Investment and the National Advantage, Trade Gains in a Pure Consumption-Loan Model, International Trade Under Conditions of Uncertainty, Some General Equilibrium Implications of Technological Uncertainty, How to Eat a Cake of Unknown Size, Speculation and Profitability and Price Stability, Subject Index.
700 1# - ΠΡΟΣΘΕΤΗ ΑΝΑΓΡΑΦΗ--ΦΥΣΙΚΟ ΠΡΟΣΩΠΟ
Personal name Kemp Murray C
9 (RLIN) 5134
942 ## - ADDED ENTRY ELEMENTS (KOHA)
Koha item type Books
Holdings
Τύπος τεκμηρίου Βιβλιοθήκη Τρέχουσα τοποθεσία Barcode Αριθμός εισαγωγής Ημερομηνία απόκτησης Ταξιθετικό σύμβολο Αριθμός αντιτύπου Κατάσταση απόσυρσης Κατάσταση χαμένου Κατάσταση κατεστραμμένου Μη δανεισμός Σύνολο δανεισμών Ημερομηνία τελευταίας εμφάνισης Η τιμή ισχύει από
Books MC Athens Campus Library MC Athens Campus Library 9780000041685 3773 05/06/2025 382.1 KEM V.2 1           05/06/2025 05/06/2025

MC Athens Campus Library
Πατησίων 94 & Κοδριγκτώνος 13, 104 34
Πελλήνης 8 & Πατησίων 107, 112 51
Τ: +30 210 8899600

MC Thessaloniki Campus Library
Ίωνος Δραγούμη 21, 54625 | Ίωνος Δραγούμη 15, 54625
Τ: +30 2310 287779 – Τ: +30 2314 440300